Every Hippo Campus song - Statistics

General Stats
  • This quiz has been taken 21 times
    20 since last reset
  • The average score is 50 of 79
Answer Stats
Answer % Correct
Bambi
100%
Bubbles
100%
South
100%
warm glow
100%
baseball
91%
Buttercup
91%
Everything at Once
91%
Flood
91%
Bad Dream Baby
82%
Boys
82%
Corduroy
82%
Golden
82%
Monsoon
82%
Poems
82%
Sex Tape
82%
Sun Veins
82%
Ashtray
73%
Epitaph
73%
Forget It
73%
Interlude
73%
Paranoid
73%
Prayer Man
73%
Simple Season
73%
Tooth Fairy
73%
traveler
73%
Vines
73%
Way It Goes
73%
Anxious
64%
Bang Bang
64%
Bashful Creatures
64%
Boyish
64%
Doubt
64%
Kentucky
64%
Kick in the Teeth
64%
No Poms
64%
Ride or Die
64%
Scorpio
64%
Semi Pro
64%
Suicide Saturday
64%
The Halocline
64%
Tuesday
64%
Understand
64%
Violet
64%
Where to Now
64%
2 Young 2 Die
55%
Blew Its
55%
Closer
55%
Close to Gold
55%
Deepfake
55%
Fences
55%
Honestly
55%
I Got Time
55%
Listerine
55%
Little Grace
55%
Madman
55%
Mojo Jojo
55%
Moonshine
55%
Opportunistic
55%
Passenger
55%
Probably
55%
Vacation
55%
Why Even Try
55%
Brand New
45%
Cellar Door
45%
Dollar Bill
45%
Ease Up Kid
45%
Elephant Boys
45%
Honeysuckle
45%
Mistakes
45%
Slipping Away
45%
Sophie So
45%
Souls
45%
Think It Over
45%
Western Kids
45%
Yippi Ki Yay
45%
Champion
36%
Chapstick
36%
Joy
36%
Pin
36%
No matching quizzes found
Score Distribution
Percent of People with Each Score
Percentile by Number Answered
Your Score History
You have not taken this quiz since the last reset